000 00422nam a2200181Ia 4500
005 20250603145429.0
008 250603s9999 xx 000 0 und d
020 _a9783678167
050 _aKP 128 .E4/
100 _aẸmiọla, Akintunde
245 0 _aNigerian company law
260 _aBenin city
260 _bEmiola Publishers Ltd.
260 _c2007
300 _a676 p
650 _aBenin city
942 _cBK
999 _c41836
_d41836